Lost boys : reflections on psychoanalysis and countertransference /
Saved in:
| Main Author: | |
|---|---|
| Format: | Book |
| Language: | English |
| Published: |
New York :
Norton,
c1995.
|
| Subjects: | |
| Tags: |
Add Tag
No Tags, Be the first to tag this record!
|
| LEADER | 01339nam a22004218a 4500 | ||
|---|---|---|---|
| 001 | 005668929-2 | ||
| 005 | 20160409133407.0 | ||
| 008 | 941221s1995 nyu 000 0 eng | ||
| 010 | |a 94045955 | ||
| 020 | |a 0393701883 | ||
| 035 | 0 | |a ocm31816310 | |
| 040 | |a DLC |c DLC |d HMS | ||
| 050 | 0 | 0 | |a RJ504 |b .B44 1995 |
| 060 | 0 | 0 | |a 1995 E-781 |
| 060 | 1 | 0 | |a WS 350.5 |b B489L 1995 |
| 082 | 0 | 0 | |a 618.92/8917 |2 20 |
| 100 | 1 | |a Berenstein, Frederick H. | |
| 245 | 1 | 0 | |a Lost boys : |b reflections on psychoanalysis and countertransference / |c Frederick H. Berenstein. |
| 246 | 3 | 0 | |a Reflections on psychoanalysis and countertransference |
| 260 | |a New York : |b Norton, |c c1995. | ||
| 300 | |a xviii, 179 p. : |b ill. ; |c 21 cm. | ||
| 500 | |a "A Norton professional book". | ||
| 504 | |a Includes bibliographical references. | ||
| 650 | 2 | 2 | |a Countertransference (Psychology) |
| 650 | 1 | 2 | |a Psychoanalysis. |
| 655 | 2 | |a Case Reports. | |
| 650 | 0 | |a Child analysis |v Case studies. | |
| 650 | 2 | |a Child Psychiatry. | |
| 650 | 2 | |a Countertransference (Psychology) |x case studies. | |
| 650 | 0 | |a Countertransference (Psychology) |x Case studies. | |
| 650 | 2 | 2 | |a Child. |
| 650 | 2 | 2 | |a Infant. |
| 655 | 7 | |a Case studies. |2 fast | |
| 650 | 2 | 2 | |a Child |v Case Reports. |
| 650 | 2 | 2 | |a Infant |v Case Reports. |
| 655 | 2 | |a Case Reports | |
| 988 | |a 20020608 | ||
| 906 | |0 DLC | ||


